000 02178nam0a2200421 4500
001 RU\NLR\BIBL_A\016217160
005 20250624235505.0
010 _a978-5-6047606-6-6
021 _aRU
_b2022-73400
_9КН-П-6384
035 _a(RuMoRGB)011302139
035 _a(NLR Aleph) 016217160
090 _a12726135
_c12726135
100 _a20221124d2022 |||y0rusy50 ca
101 0 _arus
102 _aRU
105 _aac z 000zy
181 0 _ai
_baxxe
182 0 _an
200 1 _aКак устроена "Осенняя соната"
_eс точки зрения Милы Двинятиной
_e[о фильме И. Бергмана
_eучебное пособие]
_fМила Двинятина
203 _aТекст
_bвизуальный
_cнепосредственный
210 _aСанкт-Петербург
_cМастерс
_d2022
215 _a42, [1] с.
_cцв. ил, портр.
_d16
225 1 _aOne cup book
_v#6
300 _aНа 3-й с. обл. авт.: Мила Двинятина - преп. канд. филол. наук., доц.
300 _aНа обороте тит. с. в макете авт.: Ж. Р. Двинятина
330 _aМила Двинятина - преподаватель СПбГУ, кандидат филологических наук, киновед, кинокритик, радиоведущая, преподаватель школы Masters, автор курсов по истории и поэтике кино
333 _a16+
500 1 0 _6z11702
_aОсенняя соната
600 1 _aБергман
_bИ.
_f1918 - 2007
_gИнгмар
_91133669
_3RU\NLR\AUTH\66131406
605 _a"Осенняя соната"
_lкинофильм
_92539476
_3RU\NLR\AUTH\6601717098
686 1 _aЩ374.3(4Шв)6-7"Осенняя соната"
686 1 _aЩ374.3(4Шв)6-85Бергман
700 1 _7ca
_8rus
_aДвинятина
_bМ.
_cканд. филол. наук
_gМила
_9251815
_3RU\NLR\AUTH\770251871
702 1 _6z11500
_aБергман
_bИ.
_f1918-2007
_gИнгмар
942 _cBOOK
980 _aNB